| 000 | 00879nam a2200265Ia 4500 | ||
|---|---|---|---|
| 001 | 21887 | ||
| 005 | 20260320113322.0 | ||
| 008 | 260320s9999||||xx |||||||||||||| ||und|| | ||
| 020 | _a9789871486106 | ||
| 041 | _aESP | ||
| 082 |
_a382.17 _bR769 |
||
| 100 |
_aRozenberg, Arnoldo, _eAUT |
||
| 245 | 0 |
_aComprendiendo la balanza de pagos : _bteoría general, aplicaciones económicas, financieras y contables en América Latina |
|
| 246 |
_a _5 _b |
||
| 260 |
_aBuenos Aires : _bCengage Learning, _c2008 |
||
| 300 |
_a193 páginas : _btablas, gráficos ; _c28 cm. _e |
||
| 440 |
_a _n _v |
||
| 500 | _aNo tiene portada / Datos extraídos de Worldcat | ||
| 650 | _aCIS | ||
| 653 | _aBalanza de pagos América Latina | ||
| 654 | _aCAN | ||
| 700 |
_a _c |
||
| 856 |
_uhttps://www-jstor-org.ucsp.lookproxy.com/ _zVéase además: Base de datos JSTOR |
||
| 942 |
_cLIB _dJUS _fMIP _2ddc _n |
||
| 999 |
_c21887 _d21887 |
||